<?xml version="1.0" encoding="UTF-8"?>
<marc:record xmlns:marc="http://www.loc.gov/MARC21/slim">
   <marc:leader>00000nam a2200000 a 4500</marc:leader>
   <marc:datafield ind1="1" ind2=" " tag="100">
      <marc:subfield code="a">Magritte, René</marc:subfield>
      <marc:subfield code="4">ill</marc:subfield>
      <marc:subfield code="e">Illustrator/-in</marc:subfield>
   </marc:datafield>
   <marc:datafield ind1="1" ind2=" " tag="100">
      <marc:subfield code="a">Ottinger, Didier</marc:subfield>
      <marc:subfield code="4">edt</marc:subfield>
      <marc:subfield code="e">Bearbeiter/-in</marc:subfield>
   </marc:datafield>
   <marc:datafield ind1=" " ind2=" " tag="653">
      <marc:subfield code="a">Ceci n'est pas une pipe</marc:subfield>
   </marc:datafield>
   <marc:datafield ind1=" " ind2=" " tag="653">
      <marc:subfield code="a">Centre Pompidou</marc:subfield>
   </marc:datafield>
   <marc:datafield ind1=" " ind2=" " tag="653">
      <marc:subfield code="a">La trahison des images</marc:subfield>
   </marc:datafield>
   <marc:datafield ind1=" " ind2=" " tag="653">
      <marc:subfield code="a">René Magritte</marc:subfield>
   </marc:datafield>
   <marc:datafield ind1=" " ind2=" " tag="653">
      <marc:subfield code="a">Schirn Kunsthalle</marc:subfield>
   </marc:datafield>
   <marc:datafield ind1=" " ind2=" " tag="653">
      <marc:subfield code="a">Softcover / Kunst</marc:subfield>
   </marc:datafield>
   <marc:datafield ind1=" " ind2=" " tag="653">
      <marc:subfield code="a">Ausstellungskatalog</marc:subfield>
   </marc:datafield>
   <marc:datafield ind1="0" ind2="0" tag="245">
      <marc:subfield code="a">Der Verrat der Bilder</marc:subfield>
   </marc:datafield>
   <marc:datafield ind1="0" ind2="0" tag="245">
      <marc:subfield code="c">Magritte ; herausgegeben von Didier Ottinger ; Übersetzungen Stefan Barmann [und 4 weitere</marc:subfield>
   </marc:datafield>
   <marc:datafield ind1=" " ind2="1" tag="264">
      <marc:subfield code="a">Paris</marc:subfield>
      <marc:subfield code="b">Centre Pompidou</marc:subfield>
      <marc:subfield code="c">2017</marc:subfield>
   </marc:datafield>
   <marc:datafield ind1="1" ind2=" " tag="520">
      <marc:subfield code="a">Angaben aus der Verlagsmeldung

Magritte : Der Verrat der Bilder

Im Fokus dieses wunderbar bebilderten Essaybandes stehen fünf scheinbar vertraute Motive, die sich durch Magrittes gesamtes Werk ziehen: Feuer, Schatten, Vorhänge, Wörter und der fragmentierte Körper. Anhand von ausgesuchten Abbildungen von über 100 Werken des Belgiers sowie klugen Essays werden dem Leser anschaulich und detailreich dessen ebenso realistischer wie täuschender Umgang mit diesen Motiven erläutert. Magrittes gezielt verzerrende Lesart hergebrachter Symbole der Kunst wird ebenso beleuchtet wie der Einsatz von Wort und Schrift in vielen seiner Werke – oder die Verwendung von Themen und Versatzstücken aus der Welt des Theaters. Neben der Vereinnahmung der Bilder des bekannten Surrealisten durch die moderne Konsumwelt – gegen die seine Kunst ursprünglich gerichtet war – richtet diese bemerkenswerte neue Monographie ihren Blick auf eine Künstlerpersönlichkeit, die über ein wahrhaft ungeheures Talent zur Täuschung verfügte, gepaart mit einem messerscharfen Verstand!
</marc:subfield>
   </marc:datafield>
   <marc:datafield ind1=" " ind2=" " tag="020">
      <marc:subfield code="a">9783791355979</marc:subfield>
      <marc:subfield code="9">9783791355979</marc:subfield>
   </marc:datafield>
   <marc:datafield ind1=" " ind2=" " tag="020">
      <marc:subfield code="a">379135597X</marc:subfield>
      <marc:subfield code="9">379135597X</marc:subfield>
   </marc:datafield>
   <marc:datafield ind1=" " ind2=" " tag="041">
      <marc:subfield code="a">ger</marc:subfield>
   </marc:datafield>
   <marc:datafield ind1=" " ind2=" " tag="300">
      <marc:subfield code="a">201 Seiten</marc:subfield>
   </marc:datafield>
</marc:record>
